Bezpečnost a spolehlivost materiálů za extrémních podmínek provozování : Sborník abstraktů semináře. Ostravice, 26.-27.5.2008

Uložené v:
Podrobná bibliografia
Médium: Kniha
Jazyk:Slovak
Czech
Vydavateľské údaje: Ostrava : VŠB - TU Ostrava, 2008
Tagy: Pridať tag
Žiadne tagy, Buďte prvý, kto otaguje tento záznam!

MARC

LEADER 00000nam a22000003a 4500
001 stu164704
005 20150408182529.9
008 080604s2008----xr------------------slo-d
040 |a STU  |b slo 
041 0 |a slo  |a cze 
044 |a xr 
245 |a Bezpečnost a spolehlivost materiálů za extrémních podmínek provozování :  |b Sborník abstraktů semináře. Ostravice, 26.-27.5.2008 
260 |a Ostrava :  |b VŠB - TU Ostrava,  |c 2008 
300 |a 40 s 
996 |b 284M067764  |c M*Z-3271  |l MMKN  |s A  |a 24  |w stu164704_0001